000
00221nam a2200097Ia 4500
005
20251222175816.0
008
251222s9999||||xx |||||||||||||| ||spa||
082
_a
DVD0080/A64/2006
245
0
_a
Amazing grace:
942
_c
DVD
999
_c
40333
_d
40333